| 000 | 00678nam a2200205Ia 4500 | ||
|---|---|---|---|
| 003 | GCL | ||
| 008 | 140319s9999 xx 000 0 ara d | ||
| 040 |
_aGCL / _cGCL |
||
| 082 | 0 | 4 |
_a155.89 _bج د |
| 100 | 1 | _aجابر عبدالحميد جابر | |
| 245 | 1 | 0 |
_aدراسات نفسية فى الشخصية العربية / _cجابر عبدالحميد جابر |
| 700 | 1 | _aسليمان الخضرى الشيخ | |
| 300 | _a531 ص | ||
| 490 |
_aالهيئة العامة للاستعلامات _v0 |
||
| 650 | 0 | 4 | _aعلم النفس |
| 650 | 0 | 4 | _aالشخصية |
| 650 | 0 | 4 | _aالشخصيات الادبية |
| 650 | 0 | 4 | _aالشخصية العربية |
| 942 |
_2ddc _cBK |
||
| 999 |
_c47403 _d47403 |
||